The hymn of Hildebert and other medieval hymns /

Bibliographic Details
Main Author: Hildebert, Archbishop of Tours, 1056?-1133
Other Authors: Benedict, Erastus Cornelius, 1800-1880 (Translator)
Format: Microform Book
Language:English
Latin
Published: New York : A.D.F. Randolph, 1867.
Subjects:

MARC

Tag First Indicator Second Indicator Subfields
LEADER 00000cam a2200000 a 4500
001 in00001347421
005 20151006072330.0
007 hd afu---baca
008 860307s1867 nyu a 000 0 eng d
035 |a (OCoLC)13253921 
035 |9 AHH5231AM 
040 |a POG  |c POG  |d POG  |d UtOrBLW 
041 0 |a eng  |a lat  |h lat 
049 |a TXAI 
090 |a PS586  |b .A450 pt. 3, no. 254 
099 |a film  |a B  |a 3870  |a  Segment III, no. 254) 
100 0 |a Hildebert,  |c Archbishop of Tours,  |d 1056?-1133. 
245 1 4 |a The hymn of Hildebert and other medieval hymns /  |c with translations by Erastus C. Benedict. 
264 1 |a New York :  |b A.D.F. Randolph,  |c 1867. 
300 |a x, 128 pages ;  |c 25 cm. 
336 |a text  |b txt  |2 rdacontent 
337 |a microform  |b h  |2 rdamedia 
338 |a microfilm reel  |b hd  |2 rdacarrier 
500 |a Latin and English on opposite pages. 
500 |a Includes index. 
500 |a "Edition 50 copies." 
510 3 |a NUC pre-1956 
533 |a Microfilm.  |b Woodbridge, Conn. :  |c Research Publications,  |d 1977.  |e 1 microfilm reel ; 35 mm.  |f (American Poetry, 1609-1900 ; Segment III, no. 254) 
539 |a s  |b 1977  |d ctu  |e n 
500 |a Microform. 
650 0 |a Hymns, Latin  |x Translations into English. 
650 0 |a Hymns, English  |x Translations from Latin. 
610 2 0 |a Catholic Church  |v Hymns. 
700 1 |a Benedict, Erastus Cornelius,  |d 1800-1880,  |e translator. 
999 |a MARS 
999 f f |s 5eeb2648-381e-3f93-ad3b-b90670fe37a3  |i 8f90c081-6293-3fba-91ea-8eef80b18fb3  |t 0 
952 f f |p default  |a Texas A&M University  |b College Station  |c Sterling C. Evans Library  |d Evans: Microforms (3rd floor)  |t 0  |e film B 3870 Segment III, no. 254  |h Other scheme  |i microform -- microfilm reel 
998 f f |a film B 3870 Segment III, no. 254  |t 0  |l Evans: Microforms (3rd floor)